000
00280nam a2200109Ia 4500
008
220204s9999 xx 000 0 und d
082
_a
66:543
_b
YOU
100
_a
Young, Roland S
245
0
_a
Industrial inorganic analysis
260
_a
London
_b
Chapman and Hall
_c
1953
942
_c
BK
999
_c
19325
_d
19325